00680nam a2200181Ia 4500008004100000020001800041050002900059100002400088245004700112260004300159300002900202440005200231500005100283521000900334942001200343999001900355952012400374140609s9999 xx 000 0 und d a9780470404683 aHF 5549.5.T7b.C534 2010 aChan, Janis Fisher. aTraining fundamentals /cJanis Fisher Chan aSan Francisco, CA :bPfeiffer,cc2010. a246 p. :bill. ;c24 cm. a(Pfeiffer essential guides to training basics). aIncludes bibliographical references and index. aBSBA kFORcBK c118041d118041 00102lcc40aCLbCLcGCd2014-06-09eDONATIONl0oHF 5549.5.T7 .C534 2010pC18329r2018-05-15 00:00:00w2014-06-09yBK